| 000 | 01221nam a2200301Ia 4500 | ||
|---|---|---|---|
| 001 | ebr10026209 | ||
| 003 | CaPaEBR | ||
| 006 | m u | ||
| 007 | cr cn||||||||| | ||
| 008 | 020830s2002 pau sb 001 0 eng d | ||
| 020 | _z1588113078 (v. 2 : Hb : alk. paper) | ||
| 040 |
_aCaPaEBR _cCaPaEBR |
||
| 035 | _a(OCoLC)133168392 | ||
| 050 | 1 | 4 |
_aP299.A85 _bM67 2002eb |
| 082 | 0 | 4 |
_a415 _221 |
| 245 | 0 | 0 |
_aMorphology, phonology, acquisition _h[electronic resource] / _cedited by Anna-Maria Di Sciullo. |
| 260 |
_aPhiladelphia : _bJohn Benjamins, _c2002. |
||
| 300 | _avi, 306 p. | ||
| 490 | 0 |
_aLinguistik aktuell/Linguistics today, _x0166-0829 ; _vv. 58 |
|
| 490 | 0 |
_aAsymmetry in grammar ; _vv.2 |
|
| 504 | _aIncludes bibliographical references and index. | ||
| 533 |
_aElectronic reproduction. _bPalo Alto, Calif. : _cebrary, _d2006. _nAvailable via World Wide Web. _nAccess may be limited to ebrary affiliated libraries. |
||
| 650 | 0 | _aAsymmetry (Linguistics) | |
| 655 | 7 |
_aElectronic books. _2local |
|
| 700 | 1 |
_aDi Sciullo, Anne-Marie, _d1951- |
|
| 710 | 2 | _aebrary, Inc. | |
| 856 | 4 | 0 |
_uhttp://site.ebrary.com/lib/rucke/Doc?id=10026209 _zAn electronic book accessible through the World Wide Web; click to view |
| 999 |
_c23494 _d23494 |
||